| 000 | 00624nam a2200217Ia 4500 | ||
|---|---|---|---|
| 008 | 180523s9999 xx 000 0 und d | ||
| 020 | _a81-7179-976-0 | ||
| 050 | _aMAIN RA 969.45 | ||
| 050 | _b.S53 2002 | ||
| 100 | _aSharma, Madhuri. | ||
| 245 | 0 | _aHospital waste management and its monitoring / | |
| 245 | 0 | _cMadhuri Sharma. | |
| 260 | _aNew Delhi : | ||
| 260 | _bJaypee Brothers Medical Publishers, | ||
| 260 | _c2002 | ||
| 300 | _a96 pages : | ||
| 300 | _billustrations ; | ||
| 300 | _c22 cm. | ||
| 500 | _aIncludes bibliographical references and index. | ||
| 650 | _aWaste disposal -- Health facilities. | ||
| 999 |
_c357622 _d357622 |
||